| 000 | 00438nam a2200205Ia 4500 | ||
|---|---|---|---|
| 003 | OSt | ||
| 005 | 20221005121138.0 | ||
| 006 | a|||||r|||| 00| 0 | ||
| 007 | ta | ||
| 008 | ORI | ||
| 024 | _a27569 | ||
| 037 | _cTextual | ||
| 040 |
_aCRL _cCRL _bORI |
||
| 041 |
_2ORI _aORI |
||
| 082 | _aO157,3x, 1591L5 | ||
| 245 | 0 | _aGhun poka | |
| 260 | _c1975 | ||
| 942 |
_hO157,3x, 1591L5 _cTEXL _2cc |
||
| 999 |
_c1040242 _d1040242 |
||